Epidemiology study on Newcastle disease in teck chhou district, kampot province, សិក្សាពីកម្រិតរាលដាល នៃជំងឺញ៉ូកាស ក្នុងស្រុកទឹកឈូ ខេត្តកំពត. (Record no. 2510)

000 -LEADER
fixed length control field 00600nam a22001337a 4500
040 ## - CATALOGING SOURCE
Transcribing agency RUA
082 ## - DEWEY DECIMAL CLASSIFICATION NUMBER
Classification number AVM CHA 2012 B100 Or.1
100 ## - MAIN ENTRY--AUTHOR NAME
Personal name CHANN, NY.
245 ## - TITLE STATEMENT
Title Epidemiology study on Newcastle disease in teck chhou district, kampot province, សិក្សាពីកម្រិតរាលដាល នៃជំងឺញ៉ូកាស ក្នុងស្រុកទឹកឈូ ខេត្តកំពត.
260 ## - PUBLICATION, DISTRIBUTION, ETC. (IMPRINT)
Place of publication phnom phen
Name of publisher RUA
Year of publication 2012
300 ## - PHYSICAL DESCRIPTION
Number of Pages XII.
Other physical details ILL.
Dimensions 29CM.
856 ## - ELECTRONIC LOCATION AND ACCESS
Uniform Resource Identifier https://drive.google.com/file/d/1Z6VYWUfBHlrvXuIVC8QN4zU2-XivgJB2/view?usp=sharing
942 ## - ADDED ENTRY ELEMENTS (KOHA)
Koha item type AVM
952 ## - LOCATION AND ITEM INFORMATION (KOHA)
Withdrawn status [LOCAL, KOHA] 0
952 ## - LOCATION AND ITEM INFORMATION (KOHA)
Withdrawn status [LOCAL, KOHA] 0
952 ## - LOCATION AND ITEM INFORMATION (KOHA)
Withdrawn status [LOCAL, KOHA] 0
952 ## - LOCATION AND ITEM INFORMATION (KOHA)
Withdrawn status [LOCAL, KOHA] 0
952 ## - LOCATION AND ITEM INFORMATION (KOHA)
Withdrawn status [LOCAL, KOHA] 0
952 ## - LOCATION AND ITEM INFORMATION (KOHA)
Withdrawn status [LOCAL, KOHA] 0
952 ## - LOCATION AND ITEM INFORMATION (KOHA)
Withdrawn status [LOCAL, KOHA] 0
Holdings
Permanent Location Date acquired Koha item type Lost status Shelving location Barcode Current Location Full call number
Library Block B2015-10-22AVM B100RUA019522Library Block BAVM CHA 2012 B100 Or.1
Library Block B2015-10-22AVM B100RUA019813Library Block BAVM CHA 2012 B100 Or.2
Library Block B2015-10-22AVM B100RUA019228Library Block BAVM CHA 2012 B100 Or.3
Library Block B2015-10-22AVM B100RUA015203Library Block BAVM CHA 2012 B100 Or.4
Library Block B2015-10-22AVM B100RUA009100Library Block BAVM CHA 2012 B100 Or.5
Library Block B2015-10-22AVM B100RUA015276Library Block BAVM CHA 2012 B100 Or.6
Library Block B2015-10-22AVM B100RUA015204Library Block BAVM CHA 2012 B100 Or.7
មជ្ឈមណ្ឌលឯការនៃសាកលវិទ្យាល័យភូមិន្ទកសិកម្មចំការដូង

Powered by Koha